MARC details
| 000 -CABECERA |
| campo de control de longitud fija |
01269nam a2200277 a 4500 |
| 001 - NÚMERO DE CONTROL |
| campo de control |
000025127 |
| 003 - IDENTIFICADOR DEL NÚMERO DE CONTROL |
| campo de control |
DO-SdBNP |
| 005 - FECHA Y HORA DE LA ÚLTIMA TRANSACCIÓN |
| campo de control |
20250219170734.0 |
| 008 - DATOS DE LONGITUD FIJA--INFORMACIÓN GENERAL |
| campo de control de longitud fija |
130621s2011 dr 000 0 spa d |
| 040 ## - FUENTE DE LA CATALOGACIÓN |
| Centro catalogador/agencia de origen |
DO-SdBNP |
| Lengua de catalogación |
spa |
| Centro/agencia transcriptor |
BNPHU |
| 082 #4 - NÚMERO DE LA CLASIFICACIÓN DECIMAL DEWEY |
| Número de clasificación |
352.34 |
| Número de documento/Ítem |
R426p, 2011-2014 |
| Número de edición |
22 |
| 110 1# - ENTRADA PRINCIPAL--NOMBRE DE ENTIDAD CORPORATIVA |
| Nombre de entidad corporativa o nombre de jurisdicción como elemento de entrada |
República Dominicana. |
| Unidad subordinada |
Ministerio de Economía, Planificación y Desarrollo |
| 9 (RLIN) |
66142 |
| 245 10 - MENCIÓN DE TÍTULO |
| Título |
Plan nacional plurianual del sector público 2011-2014 / |
| Mención de responsabilidad, etc. |
prólogo, Juan Temístocles Montás ; coordinador general, Juan T. Monegro. |
| 260 ## - PUBLICACIÓN, DISTRIBUCIÓN, ETC. |
| Lugar de publicación, distribución, etc. |
Santo Domingo : |
| Nombre del editor, distribuidor, etc. |
Ministerio de Economía, Planificación y Desarrollo, |
| Fecha de publicación, distribución, etc. |
2011. |
| 300 ## - DESCRIPCIÓN FÍSICA |
| Extensión |
263 p. ; |
| Dimensiones |
29 cm. |
| 590 ## - NOTA LOCAL (RLIN) |
| Nota local |
Inventariado, 2021/MFF |
| 650 #4 - PUNTO DE ACCESO ADICIONAL DE MATERIA--TÉRMINO DE MATERIA |
| Término de materia o nombre geográfico como elemento de entrada |
Política de gastos públicos |
| Subdivisión geográfica |
República Dominicana |
| 9 (RLIN) |
79139 |
| Subdivisión cronológica |
2011-2014 |
| 650 #4 - PUNTO DE ACCESO ADICIONAL DE MATERIA--TÉRMINO DE MATERIA |
| Término de materia o nombre geográfico como elemento de entrada |
Política pública |
| Subdivisión geográfica |
República Dominicana |
| Subdivisión cronológica |
2011-2014 |
| 9 (RLIN) |
80183 |
| 651 #4 - PUNTO DE ACCESO ADICIONAL DE MATERIA--NOMBRE GEOGRÁFICO |
| Nombre geográfico |
República Dominicana |
| Subdivisión general |
Administración pública |
| Subdivisión cronológica |
2011-2014 |
| 9 (RLIN) |
80184 |
| 651 #4 - PUNTO DE ACCESO ADICIONAL DE MATERIA--NOMBRE GEOGRÁFICO |
| Nombre geográfico |
República Dominicana |
| Subdivisión general |
Política económica |
| Subdivisión cronológica |
2011-2014 |
| 9 (RLIN) |
80185 |
| 651 #4 - PUNTO DE ACCESO ADICIONAL DE MATERIA--NOMBRE GEOGRÁFICO |
| Nombre geográfico |
República Dominicana |
| Subdivisión general |
Política social |
| Subdivisión cronológica |
2011-2014 |
| 9 (RLIN) |
80186 |
| 700 1# - PUNTO DE ACCESO ADICIONAL--NOMBRE DE PERSONA |
| Nombre de persona |
Montás, Juan Temístocles |
| Fechas asociadas al nombre |
1950- |
| Término indicativo de función/relación |
pról. |
| 9 (RLIN) |
79676 |
| 700 1# - PUNTO DE ACCESO ADICIONAL--NOMBRE DE PERSONA |
| Nombre de persona |
Monegro, Juan T. |
| Término indicativo de función/relación |
coord. |
| 9 (RLIN) |
53435 |
| 910 ## - DATOS DE OPCIÓN DEL USUARIO (OCLC) |
| Datos de opción del usuario |
Validado. Control de calidad MFF |
| 942 ## - ELEMENTOS DE PUNTO DE ACCESO ADICIONAL (KOHA) |
| Fuente del sistema de clasificación o colocación |
Dewey Decimal Classification |
| Tipo de ítem Koha |
Libro |